Stolice świata z literą „V” - Statystyki

Ogólne statystyki
  • Ten quiz został rozwiązany 117 razy
  • Średni wynik to 8 z 12
Statystyki odpowiedzi
Stolica % Poprawnych
Vaduz
89%
Valletta
84%
Suva
73%
Montevideo
63%
Reykjavík
63%
San Salvador
62%
Port Vila
61%
Victoria
61%
Brazzaville
60%
Libreville
57%
Monrovia
57%
Porto-Novo
54%
Nie znaleziono quizów pasujących do podanych kryteriów
Rozkład punktacji
Procent ludzi z każdym wynikiem
Percentyl według liczby udzielonych odpowiedzi
Twoja historia wyników
Nie rozwiązałeś tego quizu